000 00602nam a2200193Ia 4500
003 GCL
005 20240530104105.0
008 140319s9999 xx 000 0 ara d
040 _aGCL /
_cGCL
082 0 4 _a158.6
_bش إ
110 0 _aالشركة الشرقية للمطبوعات
245 1 0 _aاختيار المهنة :
_bطريق المستقبل /
_cالشركة الشرقية للمطبوعات
300 _a96 ص
490 _aأسرتى
_v0
650 0 4 _aعلم النفس
650 0 4 _aالمهنة
650 0 4 _aسيكولوجية حب المهنة والعمل
942 _2ddc
_cBK
999 _c44542
_d44542